| 000 | 00615nam a22002417a 4500 | ||
|---|---|---|---|
| 003 | OSt | ||
| 005 | 20151203150956.0 | ||
| 008 | 130215t xxu||||| |||| 00| 0 eng d | ||
| 020 | _a9781408267295 | ||
| 020 | _a9781408267219 | ||
| 050 |
_aPE 1128 _b..K32 2012 |
||
| 100 | _aKempton, Grant. | ||
| 245 |
_aTotal english : _bstarter / _cGrant Kempton. |
||
| 260 |
_aEngland : _bPearson, _c2012. |
||
| 300 |
_avarious pages : _ccolor illustration ; _b28 cm. |
||
| 526 | _c1210L-1700L | ||
| 562 | _e4 | ||
| 942 |
_2lcc _cBK _kFOR |
||
| 999 |
_c289011 _d289011 |
||